Applied real estate math

Bibliographic Details
Main Author: Polley, Joseph H.
Format: Book
Published: Reston, Virginia : Roston Publishing Co. , 1980
Edition:2nd ed.
Subjects:

MARC

LEADER 00000cam a2200000 7i4500
001 0000002191
005 20021120.0
020 |a 0835902528 
040 |a INS 
090 0 0 |a HF5695.5R37   |b P64 1980 
100 0 |a Polley, Joseph H. 
245 1 0 |a Applied real estate math   |c Joseph H. Polley 
250 |a 2nd ed. 
260 |a Reston, Virginia :   |b Roston Publishing Co. ,   |c 1980 
300 |a 252p ;   |c 23 cm. 
500 |a Includes index 
650 0 0 |a Business mathematics   |x Real estate business 
999 |a 0000000526   |b BOOK   |c Open Shelf   |e Default branch